A nemzetközi gyógyszeripari trendek és a Roche stratégiája

Bibliographic Details
Main Author: Nyúl Eszter
Other Authors: Antalóczy Dr. Katalin
Format: Thesis
Kulcsszavak:Gyógyszeripar
Gyógyszerpiac
Roche
Online Access:http://dolgozattar.uni-bge.hu/15421

MARC

LEADER 00000nta a2200000 i 4500
001 dolg15421
005 20221014104031.0
008 180504suuuu hu om 000 hun d
040 |a BGE Dolgozattár Repozitórium  |b hun 
041 |a hu 
100 1 |a Nyúl Eszter 
245 1 2 |a A nemzetközi gyógyszeripari trendek és a Roche stratégiája  |c Nyúl Eszter  |h [elektronikus dokumentum] 
695 |a Gyógyszeripar 
695 |a Gyógyszerpiac 
695 |a Roche 
700 1 |a Antalóczy Dr. Katalin  |e ths 
856 4 0 |u http://dolgozattar.uni-bge.hu/15421/1/A%20NEMZETK%C3%96ZI%20GY%C3%93GYSZERIPARI%20TRENDEK%20%C3%89S%20A%20ROCHE%20STRAT%C3%89GI%C3%81JA_NyulEszter_2018.pdf  |z Dokumentum-elérés 
856 4 0 |u http://dolgozattar.uni-bge.hu/15421/2/HivatalosBejegyzes.pdf  |z Dokumentum-elérés